000 00291nam a22001337a 4500
008 171020b xxu||||| |||| 00| 0 eng d
020 _a279593269700275000000000
041 _aeng
080 _a338
100 _a54
101 _aMIS
245 _aBLOWN TO BITS
_cEVANS,P
942 _2udc
_cBK
999 _c35093
_d35093